书目信息 |
| 题名: |
异购网络中间件与开放式API技术
|
|
| 作者: | 杨放春 , 龙湘明 , 赵耀 编著 | |
| 分册: | ||
| 出版信息: | 北京 北京邮电大学出版社 2007.03 |
|
| 页数: | 288页 | |
| 开本: | 23cm | |
| 丛书名: | 融合与开放的下一代网络丛书 | |
| 单 册: | ||
| 中图分类: | TP393 | |
| 科图分类: | ||
| 主题词: | 计算机网络--ji suan ji wang luo--高等学校--教材 | |
| 电子资源: | ||
| ISBN: | 9787563513895 | |
| 000 | 01124nam 2200277 450 | |
| 001 | 012007844674 | |
| 005 | 20070509104220.57 | |
| 010 | @a9787563513895@dCNY35.00 | |
| 100 | @a20070405d2007 km y0chiy0120 ea | |
| 101 | 0 | @achi |
| 102 | @aCN@b110000 | |
| 105 | @ay a 000yy | |
| 200 | 1 | @a异购网络中间件与开放式API技术@Ayi gou wang luo zhong jian jian yu kai fang shi API ji shu@f杨放春,龙湘明,赵耀编著@Fyang fang chun,long xiang ming,zhao yao bian zhu |
| 210 | @a北京@c北京邮电大学出版社@d2007.03 | |
| 215 | @a288页@d23cm | |
| 225 | 2 | @a融合与开放的下一代网络丛书@Arong he yu kai fang de xia yi dai wang luo cong shu |
| 320 | @a有书目 (第284-288页)。 | |
| 330 | @a本书内容包括:异购网络中间件与开放式API技术,下一代网络和异构网络中间件、Parlay的基本原理、其他开放式API技术、Parlay安全扩展等。 | |
| 410 | 0 | @12001 @a融合与开放的下一代网络丛书 |
| 606 | 0 | @a计算机网络@Aji suan ji wang luo@x高等学校@j教材 |
| 690 | @aTP393@v4 | |
| 701 | 0 | @a杨放春@Ayang fang chun@4编著 |
| 701 | 0 | @a龙湘明@Along xiang ming@4编著 |
| 701 | 0 | @a赵耀@Azhao yao@4编著 |
| 801 | 0 | @aCN@c20070509 |
| 905 | @a10447@dTP393@eY170 | |
| 异购网络中间件与开放式API技术/杨放春,龙湘明,赵耀编著.-北京:北京邮电大学出版社,2007.03 |
| 288页;23cm.-(融合与开放的下一代网络丛书) |
| ISBN 9787563513895:CNY35.00 |
| 本书内容包括:异购网络中间件与开放式API技术,下一代网络和异构网络中间件、Parlay的基本原理、其他开放式API技术、Parlay安全扩展等。 |
| ● |
| 相关链接 |
|
|
|
正题名:异购网络中间件与开放式API技术
索取号:TP393/Y170
 
预约/预借
| 序号 | 登录号 | 条形码 | 馆藏地/架位号 | 状态 | 备注 |
| 1 | 239729 | 202397290 | 自科库301/301自科库 118排2列1层/ [索取号:TP393/Y170] | 在馆 | |
| 2 | 239730 | 202397307 | 自科库301/301自科库 118排2列1层/ [索取号:TP393/Y170] | 在馆 |